000
00208 a2200097 4500
020
_a
9870740765438
041
_a
spa
100
_a
Bradley Trevor Greive
245
_a
Querida Mama gracias por todo
942
_c
K
999
_c
26442
_d
26442